000 01255cam a2200157 4500500
005 20251228052546.0
041 _afre
042 _adc
100 1 0 _aDanino, Olivier
_eauthor
245 0 0 _aJérusalem : complexité du statut, quelles solutions possibles ?
260 _c2013.
500 _a24
520 _aJérusalem est une ville sans statut juridique officiel. L’ONU, qui prônait son internationalisation, n’a effectivement jamais adopté de texte à ce sujet. Malgré tout, les Nations unies refusent entre 1949 et 1967 de reconnaître les souverainetés israélienne et jordanienne sur Jérusalem tout comme celle d’Israël après la guerre des Six Jours en 1967 lorsque l’ensemble de la ville passe sous son administration unique. Le roi de Jordanie ne renonce à Jérusalem qu’en 1988 au profit de l’Organisation de libération de la Palestine. A partir de ce moment là, les discussions sur le futur statut de cette ville se déroulent entre Israéliens et Palestiniens sur la base d’un partage de Jérusalem.
786 0 _nConfluences Méditerranée | 84 | 1 | 2013-02-01 | p. 143-158 | 1148-2664
856 4 1 _uhttps://shs.cairn.info/revue-confluences-mediterranee-2013-1-page-143?lang=fr&redirect-ssocas=7080
999 _c1583930
_d1583930